000 00653nam0a22002291 4500
001 rc\922612
005 20250622043553.0
035 _a(NLR Aleph) 006096482
090 _a5213619
_c5213619
100 _a20041129d1982 |||y0rusy50 ca
101 0 _arus
102 _aRU
105 _ay |||||||||
200 1 _aПервичный учет на промышленном предприятии
210 _aМ.
_cФинансы и статистика
_d1982
215 _a80 с.
_d20
700 1 _aЖакипбеков
_bС.
_gСапар
801 0 _aRU
_bNLR
_gpsbo
801 1 _aRU
_bELAR
_2rusmarc
852 _aNLR
_j83-4/13875
942 _cBOOK
980 _aNB